国連の定める小地域区分 - Statistics

General Stats
  • This quiz has been taken 85 times
  • The average score is 19 of 23
Answer Stats
Answer % Correct
東アジア
100%
東南アジア
99%
西アジア
99%
東ヨーロッパ
99%
西ヨーロッパ
99%
北アフリカ
99%
南アフリカ
99%
中央アジア
97%
南アジア
97%
南部アメリカ
97%
北部アメリカ
96%
北ヨーロッパ
93%
南ヨーロッパ
92%
中央アフリカ
92%
東アフリカ
88%
西アフリカ
88%
中央アメリカ
86%
ポリネシア
71%
ミクロネシア
71%
南極
69%
メラネシア
60%
オーストラリアとニュージーランド
6%
カリビアン
3%
No matching quizzes found
Score Distribution
Percent of People with Each Score
Percentile by Number Answered
Your Score History
You have not taken this quiz